[Event "34th Chess Olympiad (men)"]
[Site "Istanbul"]
[Date "2000.11.06"]
[Round "9.50.2"]
[White "De Silva, Nuwan"]
[Black "Opio, Steven"]
[WhiteElo "2000"]
[BlackElo "2185"]
[WhiteCountry "SRI"]
[BlackCountry "UGA"]
[Result "1-0"]

1. d4 d5 2. c4 e6 3. Nc3 c6 4. Nf3 Nf6 5. e3 Nbd7 6. Bd3 Bd6 7. O-O O-O 
8. e4 dxc4 9. Bxc4 e5 10. Bg5 Qc7 11. d5 h6 12. dxc6 bxc6 13. Bh4 Nh5 
14. Rc1 Qb8 15. Qd2 Nb6 16. Bb3 Ba6 17. Rfd1 Bb4 18. Kh1 Nf4 19. a3 Bxc3 
20. Rxc3 Ng6 21. Rxc6 Nxh4 22. Nxh4 Qd8 23. Qxd8 Raxd8 24. Rcd6 Rxd6 
25. Rxd6 Rc8 26. h3 Bc4 27. Bxc4 Rxc4 28. f3 Rc2 29. Rd8+ Kh7 30. Rf8 Rc7 
31. Nf5 Nc4 32. Rb8 g6 33. Ng3 Ne3 34. Rb3 Rc1+ 35. Kh2 Nd1 36. Rb7 Kg7 
37. b4 h5 38. h4 Ne3 39. Rxa7 Rb1 40. Ne2 Rb3 41. Ra5 Nc4 42. Rc5 Nxa3 
43. Rc3 Rxc3 44. Nxc3 f5 45. b5 Nc4 46. Nd5 Nd6 47. b6 Kf7 48. Kh3 f4 
49. g3 fxg3 50. Kxg3 Kg7 51. Kh3 Kh6 52. Nb4 g5 53. Nd3 g4+ 54. fxg4 hxg4+ 
55. Kxg4 Nxe4 56. b7 Nf6+ 57. Kf5 Nd7 58. Nxe5 Nb8 59. Kg4 Kh7 60. h5 Kg7 
61. Kg5 
1-0

[Event "34th Chess Olympiad (men)"]
[Site "Istanbul"]
[Date "2000.11.06"]
[Round "9.50.3"]
[White "Kantinti, Shadrack"]
[Black "De Silva, Nirosh"]
[WhiteElo "2000"]
[BlackElo "2162"]
[WhiteCountry "UGA"]
[BlackCountry "SRI"]
[Result "1-0"]

1. e4 c5 2. Nf3 e6 3. d4 cxd4 4. Nxd4 Nc6 5. Nc3 Qc7 6. Be3 a6 7. Qd2 Nf6 
8. f3 b5 9. O-O-O Bb7 10. Kb1 Rc8 11. g4 d6 12. h4 Be7 13. h5 b4 14. Nce2 Ne5 
15. Ng3 d5 16. g5 Nfd7 17. f4 Nc4 18. Bxc4 Qxc4 19. g6 Nc5 20. h6 gxh6 
21. gxf7+ Kxf7 22. Rxh6 dxe4 23. Qh2 Bd5 24. Qh5+ Kf8 25. b3 Qc3 26. Ngf5 Na4 
27. Bc1 exf5 28. Qxf5+ Bf7 29. Rh3 e3 30. Rxe3 Rc5 31. Ne6+ Ke8 32. Rd8+ Bxd8 
33. Ng5+ Be7 34. Qxf7+ Kd8 35. Qxe7+ Kc8 36. Rxc3 Nxc3+ 37. Ka1 Rc7 
38. Qxb4 Re8 39. Nf3 Re2 40. Qa5 Rxc2 
1-0

[Event "34th Chess Olympiad (men)"]
[Site "Istanbul"]
[Date "2000.11.06"]
[Round "9.50.4"]
[White "Athukorala, Anuradha.b"]
[Black "Kawuma, Stevan"]
[WhiteElo "2000"]
[BlackElo "2020"]
[WhiteCountry "SRI"]
[BlackCountry "UGA"]
[Result "0-1"]

1. Nf3 Nf6 2. d4 e6 3. c4 b6 4. a3 Bb7 5. Nc3 Be7 6. Bf4 d6 7. e3 Nbd7 
8. Bd3 Nh5 9. Bg3 c5 10. d5 exd5 11. cxd5 a6 12. Nd2 g6 13. Be2 Nxg3 
14. hxg3 b5 15. Nf3 Bf6 16. Qd2 Qe7 17. Rd1 Bg7 18. Rh4 Nf6 19. Qc2 O-O 
20. Ng1 Rac8 21. Qb1 Rfe8 22. Bf3 Qd7 23. Rd2 a5 24. Qd1 c4 25. a4 b4 
26. Nb5 Rc5 27. e4 g5 28. Rh2 g4 29. Re2 gxf3 30. gxf3 Ba6 31. Kf1 c3 
32. bxc3 Rxb5 33. axb5 Bxb5 34. cxb4 axb4 35. Qb1 Qb7 36. Kg2 Bxe2 37. Nxe2 Qb6 
38. Nf4 b3 39. Rh1 b2 40. Nd3 Rb8 41. Re1 Qb3 42. Rh1 Rc8 43. Nxb2 Rb8 
44. Rc1 Ne8 45. e5 Bxe5 46. Rh1 Nf6 47. g4 Qxb2 48. Qf5 Bd4 49. Rf1 Qa2 
50. g5 Qxd5 51. Qh3 Qxg5+ 52. Kh1 Qh5 53. Qxh5 Nxh5 54. f4 Nxf4 55. f3 Rb2 
56. Rc1 Nh5 
0-1

[Event "34th Chess Olympiad (men)"]
[Site "Istanbul"]
[Date "2000.11.06"]
[Round "9.51.1"]
[White "Matthews, Shane"]
[Black "Silveirinha, Jose Antonio C"]
[WhiteElo "2258"]
[BlackElo "2177"]
[WhiteCountry "JAM"]
[BlackCountry "MAC"]
[Result "0-1"]

1. e4 c6 2. d4 d5 3. e5 Bf5 4. Nc3 e6 5. g4 Bg6 6. Nge2 Bb4 7. h4 Be4 8. Rh3 h5 
9. Ng3 c5 10. Nxh5 g6 11. Bg5 Qb6 12. dxc5 Bxc5 13. Nf6+ Nxf6 14. Bxf6 Bxf2+ 
15. Ke2 Bg1 16. Kd2 O-O 17. Kc1 Rc8 18. h5 Be3+ 19. Kb1 Rxc3 20. h6 Kh7 
21. Bd3 Bxd3 22. cxd3 Rc1+ 23. Qxc1 Bxc1 
0-1

[Event "34th Chess Olympiad (men)"]
[Site "Istanbul"]
[Date "2000.11.06"]
[Round "9.51.2"]
[White "Ma, Ernesto"]
[Black "Pitterson, Jomo"]
[WhiteElo "2200"]
[BlackElo "2262"]
[WhiteCountry "MAC"]
[BlackCountry "JAM"]
[Result "0-1"]

1. e4 c5 2. Nf3 d6 3. d4 cxd4 4. Nxd4 Nf6 5. Nc3 a6 6. Be2 e5 7. Nf3 h6 
8. h3 Be7 9. O-O O-O 10. Bc4 Nbd7 11. Qe2 b5 12. Bd5 Rb8 13. a3 Nxd5 
14. Nxd5 Nb6 15. Nxb6 Qxb6 16. b3 Bb7 17. Bb2 f5 18. Nd2 fxe4 19. Nxe4 Rf4 
20. Ng3 Bh4 21. Kh2 Rbf8 22. f3 Bxg3+ 23. Kxg3 Qd8 24. Bc1 R4f5 25. Be3 d5 
26. c3 Qc7 27. Kh2 d4 28. Bf2 e4+ 29. Bg3 Qf7 30. Kg1 exf3 31. gxf3 Rxf3 
32. Rxf3 Qxf3 33. Qxf3 Rxf3 34. Be5 Rxh3 35. Kf2 Rf3+ 36. Kg1 dxc3 37. Rc1 Be4 
38. Bxc3 Rh3 39. Kf2 Rh2+ 40. Ke3 Rc2 41. Rxc2 Bxc2 42. b4 g5 43. Kf3 Kf7 
44. Kg4 Kg6 45. Be5 Bd1+ 46. Kh3 h5 47. Bc7 h4 48. Bd8 Kh5 49. Be7 g4+ 
50. Kg2 g3 51. Kh3 Bg4+ 52. Kg2 Be2 53. Bd6 Kg4 54. Kh1 Bf3+ 55. Kg1 h3 
0-1

[Event "34th Chess Olympiad (men)"]
[Site "Istanbul"]
[Date "2000.11.06"]
[Round "9.51.3"]
[White "Rowe, Duane"]
[Black "Calangi, Zachary Alexander"]
[WhiteElo "2000"]
[BlackElo "2183"]
[WhiteCountry "JAM"]
[BlackCountry "MAC"]
[Result "1-0"]

1. e4 e5 2. Nf3 Nc6 3. Bb5 a6 4. Ba4 Nf6 5. O-O b5 6. Bb3 d6 7. Re1 Be7 
8. c3 Na5 9. Bc2 c5 10. d3 Qc7 11. Nbd2 O-O 12. Nf1 Re8 13. h3 Bd7 14. g4 Bc6 
15. Ng3 Rac8 16. Nf5 Bf8 17. Bg5 Nd7 18. b4 Nb7 19. Rc1 Nd8 20. Bb3 Ne6 
21. Qd2 Nb6 22. d4 c4 23. Bc2 Bb7 24. d5 Nxg5 25. Qxg5 f6 26. Qh4 Qf7 
27. Kh2 Kh8 28. Rg1 g6 29. Ne3 Rc7 30. Rg2 Bc8 31. Rcg1 Be7 32. Qg3 Bd7 
33. Kh1 Ra8 34. h4 a5 35. g5 axb4 36. cxb4 Rxa2 37. h5 Rxc2 38. Nxc2 f5 
39. hxg6 Qxg6 40. Nxe5 Qg7 41. Nxd7 Nxd7 42. exf5 Bf8 43. f4 Nb6 44. Ne3 Qd4 
45. f6 Nxd5 46. Nxd5 Qxd5 47. Qh3 Kg8 48. f5 Qd3 49. Rg3 Qe4+ 50. R1g2 d5 
51. g6 h6 52. Re3 Qd4 53. g7 Qa1+ 54. Rg1 Qxf6 55. gxf8=Q+ Kxf8 56. Qg3 Qf7 
57. Qd6+ Re7 58. Qd8+ Qe8 59. Rg8+ Kxg8 60. Qxe8+ Rxe8 61. Rxe8+ Kf7 62. Rd8 d4 
63. Rxd4 c3 64. Rd3 c2 65. Rc3 Kf6 66. Rxc2 
1-0

[Event "34th Chess Olympiad (men)"]
[Site "Istanbul"]
[Date "2000.11.06"]
[Round "9.51.4"]
[White "Chang, Hon Kun"]
[Black "Wheeler, Robert"]
[WhiteElo "2200"]
[BlackElo "2226"]
[WhiteCountry "MAC"]
[BlackCountry "JAM"]
[Result "1/2-1/2"]

1. d4 Nf6 2. c4 e6 3. Nc3 c5 4. Nf3 a6 5. e3 d5 6. Bd3 Nc6 7. cxd5 exd5 
8. h3 Bd6 9. O-O O-O 10. dxc5 Bxc5 11. b3 Re8 12. Bb2 h6 13. Rc1 Ba7 
14. Bb1 Be6 15. Ne2 Qe7 16. Ned4 Nxd4 17. Nxd4 Ne4 18. Nxe6 Qxe6 19. Qd3 Bb8 
20. Qd4 Be5 21. Qxe5 Qxe5 22. Bxe5 Rxe5 23. Rfd1 Rae8 24. Rd4 g6 25. Bd3 R8e7 
26. a4 Kg7 27. b4 Rd7 28. f3 Nf6 29. e4 g5 30. Rd1 Rde7 31. exd5 Nxd5 
32. Rc1 Nf4 33. Rc2 Re3 34. Rd2 Rc7 35. Kf2 Ree7 36. h4 f6 37. Bf5 Ng6 
38. hxg5 hxg5 39. Rd7 Ne5 40. Rxe7+ Rxe7 41. Rc2 Nc6 42. Rc4 Ne5 43. Rc3 Nc6 
1/2-1/2

[Event "34th Chess Olympiad (men)"]
[Site "Istanbul"]
[Date "2000.11.06"]
[Round "9.52.1"]
[White "Camilleri, Henry"]
[Black "Smith, Louis"]
[WhiteElo "2156"]
[BlackElo "2178"]
[WhiteCountry "MLT"]
[BlackCountry "AHO"]
[Result "1/2-1/2"]

1. e4 g6 2. Nc3 Bg7 3. g3 d6 4. Bg2 Nf6 5. Nf3 O-O 6. O-O c6 7. d3 Nbd7 
8. a4 Rb8 9. Nh4 e5 10. f4 exf4 11. Bxf4 Ne8 12. Qd2 Qb6+ 13. Be3 Qxb2 
14. d4 Qb6 15. a5 Qc7 16. Bh6 Qd8 17. Bxg7 Kxg7 18. Kh1 Nc7 19. Rf2 Qe7 
20. Raf1 b5 21. e5 d5 
1/2-1/2

[Event "34th Chess Olympiad (men)"]
[Site "Istanbul"]
[Date "2000.11.06"]
[Round "9.52.2"]
[White "Neumann, Han H W M"]
[Black "Borg, Andrew"]
[WhiteElo "2228"]
[BlackElo "2132"]
[WhiteCountry "AHO"]
[BlackCountry "MLT"]
[Result "1/2-1/2"]

1. e4 c5 2. d3 Nc6 3. Nf3 g6 4. g3 Bg7 5. Bg2 d6 6. Nbd2 Rb8 7. O-O e6 
8. Nc4 b5 9. Ne3 Nd4 10. c3 Nxf3+ 11. Bxf3 Qb6 12. Bg2 Ne7 13. Qg4 Qc7 
14. h4 e5 15. Qe2 h5 16. Bf3 b4 17. Bd2 a5 18. Nc4 Ba6 19. Rfd1 Bxc4 
20. dxc4 Rb6 21. Bg5 f6 22. Bd2 Kf7 23. Bg2 bxc3 24. Bxc3 Ra6 25. f4 Nc6 
26. fxe5 dxe5 27. Rd5 Nd4 28. Qf2 Rd8 
1/2-1/2

[Event "34th Chess Olympiad (men)"]
[Site "Istanbul"]
[Date "2000.11.06"]
[Round "9.52.3"]
[White "Cilia, Vincenti V"]
[Black "Wolf, Rudsel"]
[WhiteElo "2215"]
[BlackElo "2000"]
[WhiteCountry "MLT"]
[BlackCountry "AHO"]
[Result "0-1"]

1. Nf3 d5 2. g3 Nf6 3. Bg2 Nc6 4. d4 e6 5. O-O Bd6 6. Nbd2 O-O 7. c4 Re8 
8. Qb3 a5 9. a4 Nb4 10. c5 Bf8 11. Ne5 b6 12. cxb6 cxb6 13. Rd1 Ba6 14. Bf1 Rc8 
15. Ndf3 Ne4 16. Bd2 f6 17. Bxb4 Bxb4 18. Nd3 Bc4 19. Qc2 Ba2 20. Nc5 bxc5 
21. Rxa2 cxd4 22. Qd3 Qb6 23. Nxd4 e5 24. Qb5 Bc5 25. Qxb6 Bxb6 26. Nb5 Nxf2 
27. Rda1 Rc2 28. Kg2 Ne4 29. Kf3 Rec8 30. h4 Nd2+ 31. Kg2 Rc1 32. Nc3 Rxf1 
33. Rxf1 Nxf1 34. Kxf1 d4 35. Nd5 Rc1+ 36. Kg2 Bc5 37. Kf3 Kf7 38. h5 f5 
39. b3 g5 40. hxg6+ hxg6 41. Rb2 g5 42. b4 axb4 43. Nxb4 d3 44. exd3 Rg1 
45. g4 Rxg4 46. Na6 Rf4+ 47. Kg3 Bd4 48. Re2 g4 49. Kh4 Kg6 50. Kg3 Rf3+ 
51. Kg2 Rxd3 52. Ra2 f4 
0-1

[Event "34th Chess Olympiad (men)"]
[Site "Istanbul"]
[Date "2000.11.06"]
[Round "9.52.4"]
[White "Maduro, Sherman"]
[Black "Vella, Duncan"]
[WhiteElo "2230"]
[BlackElo "2000"]
[WhiteCountry "AHO"]
[BlackCountry "MLT"]
[Result "1-0"]

1. e4 c5 2. Nf3 d6 3. d4 cxd4 4. Nxd4 Nf6 5. Nc3 a6 6. Be2 e6 7. g4 h6 
8. h4 Nc6 9. g5 hxg5 10. Bxg5 Be7 11. Rg1 d5 12. Nxc6 bxc6 13. e5 Nd7 
14. Bxe7 Qxe7 15. h5 Nxe5 16. Qd4 f6 17. O-O-O c5 18. Qh4 Rb8 19. Qg3 Rg8 
20. Rde1 Qb7 21. Nd1 Nc6 22. h6 g5 23. Qd6 Qd7 24. Bh5+ Kd8 25. Rxe6 Nd4 
26. Rxf6 Qxd6 27. Rxd6+ Ke7 28. Rxd5 g4 29. Re1+ Kf6 30. Rd6+ Kg5 31. Re5+ Bf5 
32. Rxc5 Rbc8 33. Rdd5 Rxc5 34. Rxc5 Kxh5 35. c3 g3 36. Ne3 Kxh6 37. cxd4 Be6 
38. fxg3 Rxg3 39. Nf5+ Bxf5 40. Rxf5 Rg6 41. Kc2 Rd6 42. Kc3 Kg6 43. Rf2 
1-0

[Event "34th Chess Olympiad (men)"]
[Site "Istanbul"]
[Date "2000.11.06"]
[Round "9.53.1"]
[White "Ndlovu, Ignatious"]
[Black "Abera, Yimam"]
[WhiteElo "2000"]
[BlackElo "2000"]
[WhiteCountry "BOT"]
[BlackCountry "ETH"]
[Result "0-1"]

1. e4 e6 2. d4 d5 3. e5 c5 4. c3 Nc6 5. Nf3 Qb6 6. a3 a5 7. Bd3 Bd7 8. Bc2 Nge7 
9. O-O Nf5 10. Bxf5 exf5 11. dxc5 Bxc5 12. Qxd5 Be6 13. Qd3 Rd8 14. Qe2 a4 
15. Ng5 O-O 16. Nxe6 fxe6 17. Nd2 Na5 18. Nf3 f4 19. Ng5 h6 20. Ne4 Be7 
21. Qg4 Nb3 22. Bxf4 Nxa1 23. Bxh6 Rf7 24. Rxa1 Qxb2 25. Rf1 Qc2 26. Bg5 Bxg5 
27. Nxg5 Qf5 28. Qh4 Rfd7 29. Nf3 Rd1 30. Qc4 Rxf1+ 31. Qxf1 Qd3 32. Nd4 Qxc3 
33. Nxe6 Rc8 34. g3 Qxa3 35. Kg2 Qc1 36. Nd4 Qxf1+ 37. Kxf1 a3 38. Ke2 a2 
39. Nb3 Rc3 40. Na1 Rc1 41. Nb3 Rb1 42. Nd2 Rb2 43. f4 a1=Q 
0-1

[Event "34th Chess Olympiad (men)"]
[Site "Istanbul"]
[Date "2000.11.06"]
[Round "9.53.2"]
[White "Hailu, Wossenyelew"]
[Black "Molale, Ojentse"]
[WhiteElo "2000"]
[BlackElo "2104"]
[WhiteCountry "ETH"]
[BlackCountry "BOT"]
[Result "0-1"]

1. d4 Nf6 2. c4 e6 3. Nf3 b6 4. g3 Bb7 5. Bg2 c5 6. O-O cxd4 7. Qxd4 Nc6 
8. Qd1 Be7 9. Nc3 Na5 10. b3 Rc8 11. Nb5 a6 12. Nd6+ Bxd6 13. Qxd6 Ne4 
14. Qd4 O-O 15. Ba3 Re8 16. Ne5 d5 17. Rfd1 f6 18. Bxe4 dxe4 19. Qe3 Qc7 
20. Bd6 Qd8 21. Bf8 Qc7 22. Rd7 Qxe5 23. Rxg7+ Kxf8 24. Qh6 Qxa1+ 25. Kg2 Re7 
26. Rg6+ Ke8 27. Rxf6 e3+ 28. f3 Qe5 29. Rf4 Kd7 30. Qh4 Rg7 31. Qh6 Rcg8 
32. Qh4 Qb2 33. Rd4+ Kc8 34. Kf1 Bxf3 35. Ke1 
0-1

[Event "34th Chess Olympiad (men)"]
[Site "Istanbul"]
[Date "2000.11.06"]
[Round "9.53.3"]
[White "Samuel, Boipuso"]
[Black "Alemu, Fikreselassie"]
[WhiteElo "2117"]
[BlackElo "2000"]
[WhiteCountry "BOT"]
[BlackCountry "ETH"]
[Result "0-1"]

1. e4 c5 2. c3 d6 3. d4 cxd4 4. cxd4 Nf6 5. Nc3 a6 6. Bc4 e6 7. Bg5 Be7 
8. Nf3 b5 9. Bd3 Bb7 10. O-O Nbd7 11. Re1 h6 12. Bd2 O-O 13. e5 Nd5 
14. Ne4 dxe5 15. dxe5 Nc5 16. Nxc5 Bxc5 17. Bb1 Qb6 18. Rf1 Rac8 19. Nh4 Qd8 
20. Qh5 Nf6 21. exf6 Qxd2 22. fxg7 Kxg7 23. Qe5+ f6 24. Qh5 Bxf2+ 25. Kh1 Qg5 
26. Qg6+ Qxg6 27. Nxg6 Rfd8 28. Nf4 Rd6 29. a4 b4 30. Ba2 Rc2 31. Rad1 Rdd2 
32. Rxd2 Rxd2 33. Rc1 Bb6 34. Nxe6+ Kh8 35. Nf4 Be3 36. Ng6+ Kg7 37. Nh4 Bb6 
38. Re1 Bc5 39. Rc1 Bb6 40. Re1 Bc5 41. Bb1 Bd5 42. h3 Kf8 43. Ng6+ Kf7 
44. Nf4 b3 45. Bf5 Bc6 46. Be6+ Kg7 47. Bxb3 Bd6 48. Re6 Bd7 49. Re4 Rxb2 
50. Bd1 Bc6 51. Nd3 Rxg2 52. Bf3 Rg3 53. Rg4+ Rxg4 54. Bxc6 Rg3 55. Nf2 Rc3 
56. Bd7 Rc2 57. Ne4 Be5 58. Kg1 a5 59. Kf1 Kf8 60. Nf2 Ke7 61. Bg4 Ra2 
62. Bd1 Ra3 63. Bc2 Bd4 64. Nd3 Rc3 65. Ne1 Rxh3 66. Kg2 Rc3 67. Bd3 Ra3 
68. Bb5 Be5 69. Nd3 Kd6 70. Kf3 h5 71. Ke4 Ra2 72. Nc1 Ra3 73. Nd3 h4 
74. Kf3 h3 75. Kf2 h2 76. Kf3 
0-1

[Event "34th Chess Olympiad (men)"]
[Site "Istanbul"]
[Date "2000.11.06"]
[Round "9.53.4"]
[White "Haile Giorgis, Shewaseged"]
[Black "Salani, Polite"]
[WhiteElo "2000"]
[BlackElo "2000"]
[WhiteCountry "ETH"]
[BlackCountry "BOT"]
[Result "1-0"]

1. e4 c5 2. Nf3 d6 3. d4 cxd4 4. Nxd4 Nf6 5. Nc3 e6 6. Be2 Be7 7. O-O O-O 
8. Be3 Nc6 9. Kh1 Qc7 10. f4 a6 11. a4 Rb8 12. g4 Nxd4 13. Bxd4 e5 14. Be3 exf4 
15. Bxf4 Be6 16. g5 Nd7 17. Nd5 Bxd5 18. exd5 Ne5 19. c4 f5 20. b3 a5 
21. Qd2 Rbe8 22. h4 Bd8 23. Rae1 g6 24. Bd1 Qe7 25. Qc3 Qf7 26. Bxe5 dxe5 
27. Rxe5 Rxe5 28. Qxe5 Re8 29. Qg3 Qe7 30. d6 Qe3 31. Bf3 Kh8 32. Qf2 b6 
33. Qb2+ Re5 34. Kg2 h6 35. Rf2 Qe1 36. Re2 Qxh4 37. Qxe5+ Kh7 38. Qg3 Qd4 
39. Qe5 Qh4 40. gxh6 f4 41. Qg7# 
1-0

[Event "34th Chess Olympiad (men)"]
[Site "Istanbul"]
[Date "2000.11.06"]
[Round "9.54.1"]
[White "Tun, Yap"]
[Black "Kesmaecker, Philippe"]
[WhiteElo "2000"]
[BlackElo "2293"]
[WhiteCountry "BRU"]
[BlackCountry "MNC"]
[Result "0-1"]

1. d4 Nf6 2. e3 e6 3. Bd3 c5 4. c3 b6 5. f4 Ba6 6. Nf3 Bxd3 7. Qxd3 Nc6 
8. O-O Rc8 9. Nbd2 Qc7 10. Ne4 Nxe4 11. Qxe4 d5 12. Qd3 g6 13. Bd2 Bg7 
14. Be1 O-O 15. g4 f5 16. Ng5 Qe7 17. Qe2 Na5 18. Bh4 Bf6 19. gxf5 exf5 
20. Qf2 Rce8 21. Rae1 Nc4 22. Re2 cxd4 23. cxd4 Bxd4 24. Nf3 Bf6 25. Bxf6 Rxf6 
26. Nd4 Nd6 27. Nc6 Qb7 28. Ne5 Rc8 29. Rc2 Rff8 30. Rfc1 Rxc2 31. Rxc2 Rc8 
32. Qd2 Rxc2 33. Qxc2 Qc8 34. Qd2 Qe6 35. b3 Nf7 36. Nf3 Qe4 37. Kf2 Nd6 
38. Qc1 Qe7 39. Qc6 Ne4+ 40. Ke2 Nf6 41. Ne5 Kg7 42. h3 Ne4 43. Nf3 Qc5 
44. Qd7+ Kh6 45. Nd4 Qc3 46. Kf3 Qa1 47. Kg2 Qb2+ 48. Kh1 Qc1+ 49. Kh2 Qd2+ 
50. Kh1 Qe1+ 
0-1

[Event "34th Chess Olympiad (men)"]
[Site "Istanbul"]
[Date "2000.11.06"]
[Round "9.54.2"]
[White "Farleigh, Richard"]
[Black "Yusof, Abdul"]
[WhiteElo "2199"]
[BlackElo "2000"]
[WhiteCountry "MNC"]
[BlackCountry "BRU"]
[Result "1-0"]

1. g3 d5 2. Nf3 Nf6 3. Bg2 g6 4. O-O Bg7 5. d3 O-O 6. Nbd2 c6 7. e4 dxe4 
8. dxe4 Bg4 9. h3 Bd7 10. Qe2 Qc8 11. Kh2 Na6 12. Nb3 Ne8 13. c3 Nec7 
14. Be3 Ne6 15. Rad1 Rd8 16. Nfd4 Be8 17. f4 Nf8 18. e5 e6 19. Nf3 Rxd1 
20. Rxd1 Nd7 21. Ng5 Qc7 22. Ne4 Nb6 23. Bf2 Nd5 24. Nd6 Bf8 25. Nxe8 Rxe8 
26. Bxa7 Ra8 27. Bf2 h5 28. h4 Be7 29. a3 Kg7 30. Bf3 Re8 31. Qc4 Rc8 
32. Nd2 b5 33. Qe2 Nc5 34. c4 bxc4 35. Qxc4 Nd7 36. Rc1 N7b6 37. Qc2 c5 
38. Nc4 Rb8 39. Nxb6 Qxb6 40. b4 Nxb4 41. axb4 Qxb4 42. Bxc5 Bxc5 43. Qxc5 Qd2+ 
44. Bg2 Rb2 45. Qc6 Rb3 46. Rf1 Rb2 47. Qf3 Qc2 48. Re1 Qc5 49. Rd1 Qc2 
50. Rd8 Ra2 51. Qb7 Qf5 52. Qc8 Rxg2+ 53. Kxg2 Qe4+ 54. Kf2 
1-0

[Event "34th Chess Olympiad (men)"]
[Site "Istanbul"]
[Date "2000.11.06"]
[Round "9.54.4"]
[White "Martinelli, Patrice"]
[Black "Dollah, Zaidi"]
[WhiteElo "2027"]
[BlackElo "2000"]
[WhiteCountry "MNC"]
[BlackCountry "BRU"]
[Result "1/2-1/2"]

1. d4 d5 2. e4 e6 3. exd5 exd5 4. Bd3 Nf6 5. Qf3 b6 6. Ne2 Bb7 7. O-O Bd6 
8. Re1 Nbd7 9. Ng3+ Kf8 10. Nf5 h5 11. Bg5 Bxh2+ 12. Kh1 Bd6 13. Nc3 g6 
14. Nxd6 cxd6 15. Nb5 Kg7 16. Nxd6 Bc6 17. Re2 Nf8 18. Ne8+ Bxe8 19. Rxe8 Qxe8 
20. Bxf6+ Kh7 21. Bxh8 Kxh8 22. Qxd5 Rd8 23. Qe5+ Qxe5 24. dxe5 g5 25. Re1 Re8 
26. g3 f6 27. f4 fxe5 28. Rxe5 Rxe5 29. fxe5 Kg7 30. b4 Ng6 31. e6 Ne5 
32. Be2 g4 33. Kg2 Kf6 34. e7 Kxe7 35. Kf2 Ke6 36. Ke3 Nc6 37. a3 Ke5 
38. Bd3 Kf6 39. Ke4 Ne5 40. Be2 Ng6 41. c4 Ne7 42. Bd3 
1/2-1/2

[Event "34th Chess Olympiad (men)"]
[Site "Istanbul"]
[Date "2000.11.06"]
[Round "9.55.1"]
[White "Righi, Ezio"]
[Black "Moussa, Alaa-Eddine"]
[WhiteElo "2118"]
[BlackElo "2255"]
[WhiteCountry "SMR"]
[BlackCountry "PLE"]
[Result "1/2-1/2"]

1. e4 c5 2. Nc3 Nc6 3. g3 g6 4. Bg2 Bg7 5. d3 e6 6. Nh3 Nge7 7. O-O O-O 
8. Be3 Nd4 9. Qd2 d6 10. Kh1 e5 11. Bh6 Be6 12. Bxg7 Kxg7 13. f4 f5 
14. Rae1 Qc7 15. Nd1 Rae8 16. c3 Ndc6 17. b3 b5 18. Ng5 Bc8 19. Ne3 b4 
20. fxe5 dxe5 21. Nd5 Qd6 22. Rc1 h6 23. Nf3 Be6 24. c4 
1/2-1/2

[Event "34th Chess Olympiad (men)"]
[Site "Istanbul"]
[Date "2000.11.06"]
[Round "9.55.2"]
[White "Kayle, Charles"]
[Black "Volpinari, Danilo"]
[WhiteElo "2097"]
[BlackElo "2084"]
[WhiteCountry "PLE"]
[BlackCountry "SMR"]
[Result "0-1"]

1. d4 d5 2. c4 c6 3. cxd5 cxd5 4. Nc3 e5 5. dxe5 d4 6. Ne4 Qa5+ 7. Bd2 Qxe5 
8. Ng3 Nc6 9. Nf3 Qe6 10. Qb3 Qxb3 11. axb3 Bg4 12. O-O-O Nf6 13. e3 O-O-O 
14. h3 Bxf3 15. gxf3 Bc5 16. Kb1 dxe3 17. fxe3 Bxe3 18. Kc1 Rxd2 19. Rxd2 Rd8 
20. Rhh2 Nd4 21. Kd1 Bxd2 22. Rxd2 Nxf3 23. Rxd8+ Kxd8 24. Nf5 g6 25. Nd6 Ke7 
26. Nxb7 Nd4 27. Nc5 Kd6 28. b4 Nd5 29. Ba6 Nxb4 
0-1

[Event "34th Chess Olympiad (men)"]
[Site "Istanbul"]
[Date "2000.11.06"]
[Round "9.55.3"]
[White "Renzi, Nicola"]
[Black "Asaad, Salah"]
[WhiteElo "2000"]
[BlackElo "2000"]
[WhiteCountry "SMR"]
[BlackCountry "PLE"]
[Result "0-1"]

1. d4 c5 2. c3 Nf6 3. Nf3 Qc7 4. g3 b6 5. Bg2 Bb7 6. O-O d6 7. a4 Nbd7 
8. Na3 a6 9. a5 b5 10. dxc5 Nxc5 11. Be3 Ng4 12. Bd2 Ne4 13. Nd4 Qd7 14. c4 e5 
15. Ndxb5 axb5 16. Nxb5 Be7 17. a6 Bc6 18. Ba5 O-O 19. Nc7 Ra7 20. b4 Rxc7 
21. Bxc7 Qxc7 22. b5 Ba8 23. Qb3 Nd2 24. b6 Nxb3 25. bxc7 Nxa1 26. Bb7 Nb3 
27. c8=Q Rxc8 28. Bxc8 Nc5 29. Bxg4 Nxa6 30. Rb1 Be4 31. Rb6 Nc5 32. Rb8+ Bf8 
33. f4 f5 34. Bh3 exf4 35. gxf4 Kf7 36. Kf2 Be7 37. Bf1 Bh4+ 38. Ke3 h6 
39. Rb6 Ke6 40. Kd2 g5 41. fxg5 hxg5 42. Rb8 g4 43. Rh8 Bg5+ 44. Kd1 Be3 
45. Rb8 Ke5 46. Rg8 Na4 47. h3 gxh3 48. Bxh3 Nb2+ 49. Ke1 Nxc4 50. Rf8 Kf4 
51. Rg8 Ne5 52. Bf1 Ng4 53. Rd8 d5 54. Rg8 Kg3 55. Rh8 Bd4 56. Rh3+ Kf4 
57. Ra3 Ne3 58. Rb3 Bc5 59. Rb8 Bb4+ 60. Kf2 Ng4+ 
0-1

[Event "34th Chess Olympiad (men)"]
[Site "Istanbul"]
[Date "2000.11.06"]
[Round "9.55.4"]
[White "Mawed, Mohamed"]
[Black "Cecchetti, Roberto"]
[WhiteElo "2000"]
[BlackElo "2000"]
[WhiteCountry "PLE"]
[BlackCountry "SMR"]
[Result "1-0"]

1. e4 d6 2. d4 Nf6 3. Nc3 c6 4. f4 Qa5 5. e5 Ne4 6. Qf3 d5 7. Bd3 Nxc3 
8. Bd2 Na6 9. bxc3 Qc7 10. f5 e6 11. Nh3 exf5 12. Bxf5 Bxf5 13. Qxf5 g6 
14. Qf6 Rg8 15. O-O Bg7 16. Qf3 h6 17. Rae1 O-O-O 18. Qxf7 Qxf7 19. Rxf7 g5 
20. Ref1 Nc7 21. Nf2 Rdf8 22. Ng4 Rxf7 23. Rxf7 Ne6 24. Nxh6 Bxh6 25. Rf6 Kd7 
26. Rxh6 Rg7 27. Rh8 a6 28. h4 gxh4 29. Rxh4 Ke7 30. Kh2 Kd7 31. g4 Rf7 
32. Kg3 c5 33. g5 Rf1 34. Be3 Kc6 35. Rh6 Kd7 36. Rf6 Rh1 37. g6 cxd4 
38. cxd4 Rh8 39. Kg4 Nd8 40. Rd6+ Ke8 41. Bg5 Nc6 42. Rxd5 Rg8 43. Rd6 Ne7 
44. Re6 
1-0

[Event "34th Chess Olympiad (men)"]
[Site "Istanbul"]
[Date "2000.11.06"]
[Round "9.56.1"]
[White "Guller, Andras"]
[Black "Rowe, Peter"]
[WhiteElo "2141"]
[BlackElo "2092"]
[WhiteCountry "LIE"]
[BlackCountry "GCI"]
[Result "1/2-1/2"]

1. e4 c5 2. Nf3 Nc6 3. Bb5 g6 4. O-O Bg7 5. Re1 Nf6 6. e5 Nd5 7. Nc3 Nc7 
8. Bxc6 dxc6 9. Ne4 Ne6 10. d3 O-O 11. Neg5 Qc7 12. Nxe6 Bxe6 13. Bf4 Rad8 
14. Qe2 Bg4 15. Qe3 Bxf3 16. Qxf3 e6 17. Qe3 Rd5 18. b3 Rfd8 19. Bg3 Qa5 
20. f4 Qc3 21. Rec1 Qd4 22. Bf2 Bh6 23. g3 Qxe3 24. Bxe3 Rxe5 25. fxe5 Bxe3+ 
26. Kg2 Bxc1 27. Rxc1 Rd5 28. Re1 f6 29. exf6 Kf7 30. g4 Kxf6 31. h4 h5 
32. Rf1+ Ke7 33. gxh5 Rxh5 34. Kg3 Rf5 35. Re1 Kd6 36. Re4 e5 37. Rg4 Rf6 
38. h5 gxh5 39. Rg7 h4+ 40. Kxh4 Rf2 41. Rxb7 Rxc2 42. Rxa7 Rc3 43. Ra8 Kd7 
1/2-1/2

[Event "34th Chess Olympiad (men)"]
[Site "Istanbul"]
[Date "2000.11.06"]
[Round "9.56.2"]
[White "Cutter, Paul"]
[Black "Elkuch, Harald"]
[WhiteElo "2122"]
[BlackElo "2126"]
[WhiteCountry "GCI"]
[BlackCountry "LIE"]
[Result "0-1"]

1. e4 c5 2. c3 d6 3. d4 cxd4 4. cxd4 g6 5. Nf3 Bg7 6. Nc3 e6 7. Be3 Ne7 
8. Bd3 O-O 9. Qd2 Nbc6 10. Rc1 Re8 11. O-O a6 12. Ne2 d5 13. e5 Bd7 14. Bh6 Bh8 
15. Qf4 Nf5 16. Bg5 Qb8 17. g4 f6 18. gxf5 fxg5 19. Qxg5 exf5 20. Nh4 Qd8 
21. Qxd8 Raxd8 22. f4 Nb4 23. Bb1 Bb5 24. Rf2 Rc8 25. Nc3 Bg7 26. a3 Nd3 
27. Bxd3 Bxd3 28. Rd2 Be4 29. Rdd1 Bh6 30. Ne2 g5 31. fxg5 Bxg5 32. Rxc8 Rxc8 
33. Ng2 Rc2 34. h4 Rxe2 35. hxg5 Rxg2+ 36. Kf1 Rxb2 37. Rc1 Rb1 38. Rxb1 Bxb1 
39. Ke1 Kf7 40. Kd2 Ke6 41. a4 a5 
0-1

[Event "34th Chess Olympiad (men)"]
[Site "Istanbul"]
[Date "2000.11.06"]
[Round "9.56.3"]
[White "Mannhart, Marcel"]
[Black "Cummins, John"]
[WhiteElo "2061"]
[BlackElo "2000"]
[WhiteCountry "LIE"]
[BlackCountry "GCI"]
[Result "1-0"]

1. Nc3 Nf6 2. e4 e5 3. g3 Nc6 4. Bg2 d6 5. d3 Be7 6. Nge2 Bg4 7. f3 Bd7 
8. Be3 Qc8 9. h3 b6 10. Qd2 Qb7 11. Nd1 d5 12. Bf2 dxe4 13. fxe4 O-O-O 
14. Ne3 Be6 15. a3 Bc5 16. b4 Bf8 17. O-O Kb8 18. Kh2 Qc8 19. c4 Nd4 
20. Nxd4 exd4 21. Nd5 c6 22. Rfc1 Bd6 23. c5 Be5 24. cxb6 Qb7 25. bxa7+ Qxa7 
26. Rxc6 Nxd5 27. exd5 Bd7 28. Rc5 Rc8 29. Qb2 Qb6 30. Bxd4 Bxd4 31. Qxd4 Qf6 
32. Qxf6 gxf6 33. Rac1 f5 34. d6 Ka7 35. Rc7+ Kb6 36. Rb7+ Ka6 37. Rcc7 Rxc7 
38. Rxc7 Be6 39. d4 Rd8 40. d5 Bd7 41. Bf1+ Kb6 42. Bd3 h6 43. Kg2 f6 
44. Kf3 h5 45. Kf4 Be8 46. Bxf5 Rxd6 47. Rc5 Rd8 48. Rc8 
1-0